000 00628nas a2200205 4500
001 BR9512081
003 BR-BrBNA
005 20231205095626.0
007 ta
008 230509b bl.|||p| |||| 00| 00por d
040 _aBR-BrBNA
_bpor
_cBiblioteca Nacional de Agricultura
041 _a(Pt)
072 _aF01
100 1 _aFlora, S.P.
245 1 _aAgricultura natural. Um metodo antigo, mas muito eficiente de plantar com ajuda da natureza
650 _aAgricultura Organica
773 0 _tNatureza (Brazil)
_x
_g(Nov 1995), v. 8(94) p. 52-53
_wBR9512081
909 _a202311
_bLúcia
_c55
_dLúcia Elande
942 _2AGRIS
_n0
_cANA
999 _c151775
_d151775